| 000 | 00456nam a22001817a 4500 | ||
|---|---|---|---|
| 003 | MPLRDC | ||
| 005 | 20220104125111.0 | ||
| 008 | 210129b ||||| |||| 00| 0 eng d | ||
| 020 | _a983-2403-69-3 | ||
| 082 | _a544.751 HDJ | ||
| 100 | _a黄多加 | ||
| 245 |
_a同性恋之剖析与诠释 _c |
||
| 250 | _a初版 | ||
| 260 |
_a马来西亚 _b人人书楼出版有限公司 _c2006 |
||
| 300 | _b199 | ||
| 650 | _a同性恋 | ||
| 942 |
_cBK _o544.751 HDJ |
||
| 999 |
_c24647 _d24637 |
||